[Event "Cearense-ch 69th"]
[Site "Fortaleza"]
[Date "2000.09.24"]
[Round "3"]
[White "Carlos, Joao"]
[Black "Alencar, Kerginaldo"]
[Result "1-0"]
[WhiteElo "1994"]
[BlackElo "1800"]
[PlyCount "97"]
[EventDate "2000.??.??"]
[EventType "swiss"]
[EventRounds "9"]
[EventCountry "BRA"]
[SourceTitle "EXT 2003"]
[Source "ChessBase"]
[SourceDate "2002.11.25"]
[SourceVersion "1"]
[SourceVersionDate "2002.11.25"]
[SourceQuality "1"]

1. d4 f5 2. c4 e6 3. Nc3 Bb4 4. Nf3 Bxc3+ 5. bxc3 d6 6. Bg5 Nf6 7. e3 0-0 8. Bd3 h6 9. Bh4 g5 10. Bg3 c6 11. Qe2 Qe7 12. Rd1 Nbd7 13. Nd2 Ng4 14. h4 Rf7 15. hxg5 hxg5 16. Rh5 Rh7 17. Rxh7 Qxh7 18. Bxd6 Ndf6 19. Nf3 Qh1+ 20. Qf1 Qxf1+ 21. Kxf1 Nh7 22. Rb1 Ngf6 23. Be5 Ne4 24. Bxe4 fxe4 25. Nd2 b6 26. Nxe4 Ba6 27. Nd6 g4 28. g3 Ng5 29. Kg2 Nf7 30. Rh1 Nxd6 31. Rh8+ Kf7 32. Rxa8 Nc8 33. Bc7 Bb7 34. Rb8 Ba6 35. c5 b5 36. f3 gxf3+ 37. Kxf3 Ke7 38. Kg4 Kd7 39. Bf4 Ke7 40. Kg5 Kf7 41. g4 Kg7 42. Be5+ Kf7 43. Kh6 Kg8 44. g5 Kf7 45. Kh7 b4 46. g6+ Ke7 47. g7 Bd3+ 48. Kh8 Kd7 49. Rb7+ 1-0